fancy words i learned making this - Statistics

General Stats
  • This quiz has been taken 7 times
  • The average score is 2 of 15
Answer Stats
Hint Word % Correct
next to last penultimate
71%
hopeless despondent
43%
boredom ennui
43%
intelligent and clear lucid
29%
smart erudite
14%
beautiful resplendent
14%
to reduce abate
0%
i made it bespoke
0%
connect confluence
0%
small diminuitive
0%
enthusiastic effervescent
0%
fancy granular
0%
manners when your speaking parlance
0%
afraid, timid pusillanimous
0%
mean vitriolic
0%
No matching quizzes found
Score Distribution
Percent of People with Each Score
Percentile by Number Answered
Your Score History
You have not taken this quiz